000 00394nam a22001697a 4500
003 OSt
005 20260417140308.0
008 260417b |||||||| |||| 00| 0 eng d
020 _a9780062135131
040 _cBGL
100 _aPowell Colin
245 _aIt Worked For Me
260 _aNew York
_bHarper Collins Publications
_c2012
300 _a283p
600 _aGeneral
942 _2ddc
_cGB
999 _c44378
_d44378